[Event "RUS-chT Rapid (Women)"]
[Site "Sochi"]
[Date "2023.10.19"]
[Round "6.20"]
[White "Kirdyashkina, Ekaterina"]
[Black "Dunaevskaya, Alisa"]
[Result "1-0"]
[WhiteElo "1882"]
[BlackElo "1483"]
[PlyCount "55"]
[EventDate "2023.10.18"]
[EventType "team-swiss (rapid)"]
[EventRounds "9"]
[EventCountry "RUS"]
[SourceTitle "Mega2024 Update 01"]
[Source "Chessbase"]
[SourceDate "2023.11.12"]
[SourceVersion "1"]
[SourceVersionDate "2023.11.12"]
[SourceQuality "1"]
[WhiteTeam "Rostov Nastavnik (W)"]
[BlackTeam "Krasnodar Etyud Saavedry (W)"]
[WhiteTeamCountry "RUS"]
[BlackTeamCountry "RUS"]

1. e4 d6 2. d4 Nf6 3. Nc3 e5 4. dxe5 dxe5 5. Qxd8+ Kxd8 6. Bg5 c6 7. 0-0-0+ Kc7 8. Bc4 Be6 9. Bxe6 fxe6 10. f4 Ng4 11. Nh3 Bc5 12. fxe5 h6 13. Bd2 b5 14. Rhf1 g5 15. Rf7+ Kb6 16. b4 Bd4 17. a4 bxa4 18. Nxa4+ Kb5 19. Nc3+ Kb6 20. Ne2 Bxe5 21. c4 Na6 22. Nc3 Bxc3 23. Bxc3 Nc7 24. c5+ Kb7 25. Rdd7 Rac8 26. Bxh8 Kb8 27. Nf2 Nxf2 28. Be5 1-0

[Event "Moscow op-B (Women) 14th"]
[Site "Moscow"]
[Date "2018.02.03"]
[Round "8"]
[White "Dunaevskaya, Alisa"]
[Black "Stroganova, Karina"]
[Result "1-0"]
[WhiteElo "1696"]
[BlackElo "1639"]
[PlyCount "111"]
[EventDate "2018.01.27"]
[EventType "swiss"]
[EventRounds "9"]
[EventCountry "RUS"]
[SourceTitle "CBM 182 Extra"]
[Source "ChessBase"]
[SourceDate "2018.02.23"]
[SourceVersion "1"]
[SourceVersionDate "2018.02.23"]
[SourceQuality "1"]

1. Nf3 f5 2. d4 d5 3. c4 e6 4. Nc3 Nf6 5. g3 Bd6 6. Bg2 0-0 7. 0-0 Bd7 8. Qb3 dxc4 9. Qxc4 Nc6 10. Nb5 Be7 11. Ng5 a6 12. Na3 b5 13. Qb3 Nxd4 14. Qd3 Nc6 15. Rd1 Rb8 16. Qc2 Nb4 17. Qb3 Nbd5 18. Bf4 h6 19. Nh3 Bc6 20. Rac1 Qe8 21. Be5 b4 22. Qc4 bxa3 23. Qxc6 axb2 24. Qxe6+ Qf7 25. Qxf7+ Kxf7 26. Rb1 Rb5 27. Rxb2 Rxb2 28. Bxb2 c6 29. Bxf6 Kxf6 30. Bxd5 cxd5 31. Nf4 Rd8 32. Nxd5+ Kf7 33. Kg2 a5 34. a4 Bc5 35. Kf3 Rb8 36. e3 Rb3 37. Rc1 Bd6 38. Rc6 Ke6 39. Nf4+ Kd7 40. Ra6 Bb4 41. Ra7+ Kc6 42. Ne2 Ra3 43. Rxg7 Rxa4 44. Rg6+ Kd5 45. Rxh6 Ra2 46. h4 a4 47. h5 a3 48. Ra6 Rb2 49. h6 Rb1 50. Kg2 Be1 51. h7 Rb8 52. Nf4+ Kc4 53. Rxa3 Bc3 54. Ne2 Bf6 55. Ra6 Bg7 56. Rg6 1-0

[Event "Krasnoyarsk Regional-ch"]
[Site "Krasnoyarsk"]
[Date "2017.10.06"]
[Round "7"]
[White "Shubko, Sergey"]
[Black "Dunaevskaya, Alisa"]
[Result "0-1"]
[WhiteElo "1580"]
[BlackElo "1644"]
[PlyCount "128"]
[EventDate "2017.09.30"]
[EventType "swiss"]
[EventRounds "9"]
[EventCountry "RUS"]
[SourceTitle "CBM 181 Extra"]
[Source "ChessBase"]
[SourceDate "2017.12.12"]
[SourceVersion "1"]
[SourceVersionDate "2017.12.12"]
[SourceQuality "1"]

1. d4 d6 2. Nf3 Nf6 3. Nc3 Nbd7 4. e4 e5 5. Bg5 Be7 6. Bc4 0-0 7. 0-0 c6 8. a4 a5 9. h3 Qc7 10. dxe5 dxe5 11. Re1 Nc5 12. Bh4 Be6 13. Bf1 Rad8 14. Qc1 h6 15. Bg3 Nfd7 16. Nh4 Bg5 17. Qb1 Bd2 18. Re2 Nf6 19. Nf3 Bxc3 20. bxc3 Nfxe4 21. Bxe5 Qd7 22. Re3 Nd6 23. Bd4 Nce4 24. Qe1 Bf5 25. Bb6 Rde8 26. Rd1 Qc8 27. Bd4 f6 28. c4 c5 29. Bb2 Qc6 30. Nh4 Bh7 31. f3 Ng5 32. Rxe8 Rxe8 33. Qd2 Ngf7 34. Bd3 Bxd3 35. Qxd3 Qxa4 36. Bxf6 Re6 37. Bc3 Qxc4 38. Qxc4 Nxc4 39. Nf5 g6 40. Ng3 Rd6 41. Re1 Kf8 42. Ne4 Rc6 43. Nf6 Nfd6 44. Nd7+ Kf7 45. Bf6 Nf5 46. g4 Nfe3 47. g5 h5 48. Rxe3 Nxe3 49. Ne5+ Ke6 50. Nxc6 bxc6 51. Kf2 Nxc2 52. Ke2 a4 53. Kd3 Nd4 54. Kd2 Nxf3+ 55. Kc3 Kd5 56. Be7 Ng1 57. h4 Nf3 58. Kb2 Nxh4 59. Ka3 Nf5 60. Bd8 c4 61. Kxa4 h4 62. Bc7 Nd6 63. Bb6 c5 64. Ba5 h3 0-1

[Event "Krasnoyarsk Regional-ch"]
[Site "Krasnoyarsk"]
[Date "2017.09.30"]
[Round "1"]
[White "Petrukhina, Olga"]
[Black "Dunaevskaya, Alisa"]
[Result "1/2-1/2"]
[WhiteElo "2106"]
[BlackElo "1644"]
[PlyCount "173"]
[EventDate "2017.09.30"]
[EventType "swiss"]
[EventRounds "9"]
[EventCountry "RUS"]
[SourceTitle "CBM 181 Extra"]
[Source "ChessBase"]
[SourceDate "2017.12.12"]
[SourceVersion "1"]
[SourceVersionDate "2017.12.12"]
[SourceQuality "1"]

1. Nf3 d6 2. d4 Nf6 3. c4 Nbd7 4. Nc3 e5 5. g3 Be7 6. Bg2 0-0 7. 0-0 c6 8. Qc2 Re8 9. Rd1 Qc7 10. h3 Bf8 11. b3 g6 12. Be3 Bg7 13. Rac1 a6 14. dxe5 Nxe5 15. Ng5 h6 16. Nge4 Bf5 17. Nxf6+ Bxf6 18. Qd2 g5 19. Ne4 Re6 20. Nxf6+ Rxf6 21. Bd4 Qc8 22. g4 Be6 23. c5 Qc7 24. cxd6 Qxd6 25. Qc3 Nxg4 26. Bxf6 Qh2+ 27. Kf1 Nxf6 28. Qg3 Qxg3 29. fxg3 Kg7 30. Kf2 Re8 31. Rd4 Re7 32. Rd8 h5 33. Rcd1 Bf5 34. Rb8 g4 35. h4 Be4 36. Bxe4 Nxe4+ 37. Kg2 Nc3 38. Rd2 Nxe2 39. Rdd8 Nc1 40. Re8 Rd7 41. Rbd8 Rxd8 42. Rxd8 Nxa2 43. Kf2 Nb4 44. Ke3 Nd5+ 45. Kd4 a5 46. Rd7 b5 47. Kc5 Nb4 48. Ra7 Nd3+ 49. Kxc6 Nc1 50. Kxb5 Nxb3 51. Ka4 Nc5+ 52. Kxa5 Ne4 53. Kb4 Nxg3 54. Ra5 Kg6 55. Rg5+ Kh6 56. Kc4 f5 57. Rg8 f4 58. Rf8 f3 59. Kd3 Nf1 60. Ke4 Nh2 61. Ke3 Nf1+ 62. Kf2 Nd2 63. Re8 Nc4 64. Re6+ Kg7 65. Re4 Nd6 66. Re5 Kf7 67. Rxh5 Ne4+ 68. Ke3 f2 69. Rf5+ Ke6 70. Kxe4 g3 71. Re5+ Kd6 72. Rd5+ Kc6 73. Rf5 g2 74. Rxf2 g1Q 75. Rf6+ Kd7 76. Kf5 Qb1+ 77. Kg5 Ke7 78. Rg6 Qc1+ 79. Kg4 Qd1+ 80. Kg5 Qd2+ 81. Kg4 Qe2+ 82. Kg5 Qe3+ 83. Kg4 Qe4+ 84. Kg5 Kf7 85. h5 Qe3+ 86. Kg4 Qg1+ 87. Kh4 1/2-1/2

[Event "Krasnoyarsk-ch"]
[Site "Krasnoyarsk"]
[Date "2017.02.02"]
[Round "2"]
[White "Dunaevskaya, Alisa"]
[Black "Bychkov, Vladimir"]
[Result "0-1"]
[WhiteElo "1647"]
[BlackElo "2204"]
[PlyCount "86"]
[EventDate "2017.02.01"]
[EventType "swiss"]
[EventRounds "9"]
[EventCountry "RUS"]
[SourceTitle "CBM 176 Extra"]
[Source "ChessBase"]
[SourceDate "2017.03.02"]
[SourceVersion "1"]
[SourceVersionDate "2017.03.02"]
[SourceQuality "1"]

1. Nf3 g6 2. d4 Bg7 3. g3 c5 4. Bg2 cxd4 5. Nxd4 Nc6 6. Nxc6 bxc6 7. 0-0 Nf6 8. c4 d5 9. Nc3 e6 10. Qa4 Bd7 11. Rd1 0-0 12. Bf4 Qb6 13. Bd6 c5 14. Qc2 Qxd6 15. cxd5 Rad8 16. Rd2 exd5 17. Nxd5 Bc6 18. Nxf6+ Qxf6 19. Rad1 Bxg2 20. Kxg2 Rxd2 21. Rxd2 Qc6+ 22. f3 h5 23. b3 Rc8 24. Qc4 Qe6 25. Rd5 Bf8 26. e4 Rb8 27. a3 Qb6 28. Rd3 Rd8 29. e5 Rd4 30. Rxd4 cxd4 31. b4 Bg7 32. Qd5 d3 33. Qxd3 Bxe5 34. Qb3 Qd4 35. Qc2 Qa1 36. Qe2 Bd4 37. g4 hxg4 38. fxg4 Qxa3 39. b5 Qe3 40. Qf1 Qd2+ 41. Kh3 Qf2 42. Qh1 Kg7 43. Qe4 Qe3+ 0-1

[Event "Krasnoyarsk Region-ch"]
[Site "Krasnoyarsk"]
[Date "2016.10.04"]
[Round "6"]
[White "Miroshnichenko, Grigory"]
[Black "Dunaevskaya, Alisa"]
[Result "0-1"]
[WhiteElo "1920"]
[BlackElo "1571"]
[PlyCount "78"]
[EventDate "2016.09.29"]
[EventType "swiss"]
[EventRounds "11"]
[EventCountry "RUS"]
[SourceTitle "EXT 2018"]
[Source "ChessBase"]
[SourceDate "2017.10.13"]
[SourceVersion "1"]
[SourceVersionDate "2017.10.13"]
[SourceQuality "1"]

1. d4 d6 2. c4 Nf6 3. Nc3 Nbd7 4. e4 e5 5. d5 Be7 6. Bd3 0-0 7. Nge2 c6 8. 0-0 Nc5 9. Bc2 a5 10. a3 h6 11. Be3 Qc7 12. b4 axb4 13. axb4 Rxa1 14. Qxa1 Na6 15. Qa5 Qxa5 16. bxa5 Nb4 17. Ba4 Bd8 18. dxc6 bxc6 19. Bb6 Ba6 20. Rb1 c5 21. Bxd8 Rxd8 22. Bb5 Bb7 23. f3 Ra8 24. Ra1 Nc2 25. Ra4 Nb4 26. Nd5 Nbxd5 27. cxd5 Ba6 28. Nc3 Ne8 29. Ra1 Nc7 30. Bc6 Rb8 31. Rb1 Rb4 32. Rxb4 cxb4 33. Na4 Nb5 34. Kf2 Nd4 35. Ke3 Nb3 36. g3 Nxa5 37. f4 Nc4+ 38. Kf3 b3 39. Nc3 b2 0-1

[Event "Novokuznetsk SFO-ch U15 Girls"]
[Site "Novokuznetsk"]
[Date "2014.11.10"]
[Round "9"]
[White "Tatarnikova, Ekaterina"]
[Black "Dunaevskaya, Alisa"]
[Result "1/2-1/2"]
[WhiteElo "1425"]
[BlackElo "800"]
[PlyCount "88"]
[EventDate "2014.11.02"]
[EventType "swiss"]
[EventRounds "9"]
[EventCountry "RUS"]
[SourceTitle "CBM 163 Extra"]
[Source "ChessBase"]
[SourceDate "2014.12.23"]
[SourceVersion "1"]
[SourceVersionDate "2014.12.23"]
[SourceQuality "1"]

1. d4 d6 2. Nf3 Nf6 3. c4 Nbd7 4. Nc3 e5 5. e4 Be7 6. Be3 0-0 7. d5 c6 8. Be2 Qc7 9. 0-0 Rd8 10. Nd2 a5 11. a3 b6 12. f4 Ba6 13. f5 cxd5 14. Nxd5 Nxd5 15. exd5 Rab8 16. Rc1 a4 17. Qxa4 Qb7 18. Qd1 b5 19. b3 bxc4 20. bxc4 Nc5 21. Bxc5 dxc5 22. Bh5 Bg5 23. Rc2 Qd7 24. Ne4 Be3+ 25. Kh1 Qa4 26. Qe2 Bd4 27. Rcc1 Rb2 28. Qg4 Bxc4 29. f6 g6 30. Qg5 Bxf1 31. Bf3 Bxg2+ 32. Bxg2 Kf8 33. Qh6+ Ke8 34. Qxh7 Qxa3 35. Qg8+ Kd7 36. Qxf7+ Kc8 37. Qe6+ Kb8 38. f7 Rxg2 39. Qb6+ Kc8 40. Qxd8+ Kxd8 41. f8Q+ Kc7 42. Qd6+ Kb7 43. Qc6+ Ka7 44. Qc7+ Ka6 1/2-1/2